| 000 | 01025cam a22002897i 4500 | ||
|---|---|---|---|
| 020 | _a9780915773046 | ||
| 020 | _a091577304X | ||
| 040 | _cPIT | ||
| 082 | 0 | 4 | _a720 CHA 1994 C153 Or. |
| 245 | 0 | 0 |
_aAmerican public architecture : _bEuropean roots and native expressions / |
| 300 |
_a303 pages : _billustrations ; _c28 cm. |
||
| 490 | 1 | _aPapers in art history from the Pennsylvania State University ; | |
| 650 | 0 | _aArchitecture | |
| 650 | 0 | _aArchitecture | |
| 650 | 0 | _aArchitecture | |
| 650 | 6 | _aArchitecture publique | |
| 650 | 6 | _aArchitecture publique | |
| 650 | 7 | _aArchitecture | |
| 650 | 7 | _aArchitektur | |
| 650 | 7 | _aÖffentliches Gebäude | |
| 650 | 7 | _aAufsatzsammlung | |
| 700 | 1 | _aZabel, Craig Robert, | |
| 700 | 1 | _aMunshower, Susan Scott. | |
| 856 | 4 | 1 | _uhttp://tocs.kubikat.org/rco/bd00/140/bd00140526m-toc.pdf |
| 856 | 4 | 1 | _uhttp://bvbr.bib-bvb.de:8991/F?func=service&doc_library=BVB01&local_base=BVB01&doc_number=002708875&line_number=0001&func_code=DB_RECORDS&service_type=MEDIA |
| 942 | _cAEDBB | ||
| 999 |
_c18846 _d18846 |
||